Снижение потребления энергии в процессах переработки нефти

Библиографические подробности
Главный автор: Голомшток Л. И. Лев Исаакович
Другие авторы: Халдей К. З. Константин Зиновьевич
Язык:русский
Опубликовано: Москва, Химия, 1990
Серии:ЭТЭ
Предметы:
Формат: MixedMaterials Книга
Запись в KOHA:https://koha.lib.tpu.ru/cgi-bin/koha/opac-detail.pl?biblionumber=114500

MARC

LEADER 00000nam0a2200000 4500
001 114500
005 20231031122254.0
010 |a 5724505320 
020 |a RU  |b 90-37017 
035 |a (RuTPU)RU\TPU\book\123810 
090 |a 114500 
100 |a 20070423d1990 km y0rusy5003 ca 
101 0 |a rus 
102 |a RU 
105 |a a z 001zy 
200 1 |a Снижение потребления энергии в процессах переработки нефти  |f Л. И. Голомшток, К. З. Халдей 
210 |a Москва  |c Химия  |d 1990 
215 |a 140,[1] с.  |c ил. 
225 1 |a ЭТЭ  |e Экономия топлива и электроэнергии 
320 |a Библиогр.: с. 139-141 (59 назв.) 
610 1 |a нефтеперерабатывающие заводы 
610 1 |a нефтеперерабатывающая промышленность 
610 1 |a нефтепереработка 
610 1 |a экономия 
610 1 |a энергия 
610 1 |a топливо 
610 1 |a потребление 
610 1 |a снижение 
675 |a 665.63.013  |z rus 
700 1 |a Голомшток  |b Л. И.  |g Лев Исаакович  |4 070 
701 1 |a Халдей  |b К. З.  |g Константин Зиновьевич  |4 070 
801 0 |a RU  |b RuMRKP  |c 19950417  |g psbo 
801 1 |a RU  |b 63413507  |c 20070423  |g PSBO 
801 2 |a RU  |b 63413507  |c 20080918  |g PSBO 
942 |c BK